Click South American Capitals By Their Country's Flag - Statistics

General Stats
  • This quiz has been taken 19 times
    16 since last reset
  • The average score is 12 of 13
Answers on the Map
Answers color-coded by a green-red scale on the quiz's map according to % correct below.
 
Answer Stats
Answer % Correct
100%
100%
100%
100%
100%
93%
93%
(S)
93%
93%
93%
87%
87%
(L P)
73%
No matching quizzes found
Score Distribution
Percent of People with Each Score
Percentile by Number Answered
Your Score History
You have not taken this quiz since the last reset